000
00189nam a2200085Ia 4500
008
120527s9999 xx 000 0 und d
100
_a
JOHNSON, G.B
245
_a
The Living World
942
_c
BK
999
_c
25590
_d
25590